| 000 | 00658nam a2200217 a 4500 | ||
|---|---|---|---|
| 005 | 20240912063811.0 | ||
| 008 | 011121s1998 mx r 000 0 spa d | ||
| 020 | _a9706560502 | ||
| 035 | _aUPN01000113987 | ||
| 049 | _aI | ||
| 050 | 4 |
_aQM27 _bB7.28 |
|
| 100 | 1 |
_aBrewer, Sarah _938137 |
|
| 245 | 1 | 3 |
_aEl cuerpo humano / _cSarah Brewer ; tr. Rosa Moreno Roger. |
| 260 |
_aMéxico : _bCNCA, Dirección General de Publicaciones : _bAutrey, _c1998. |
||
| 300 |
_a128 p. : _bil. col. |
||
| 440 | 0 |
_aMiniguía ; _v10 |
|
| 500 | _a"Un minilibro lleno de información" | ||
| 650 | 2 |
_aCuerpo humano _99138 |
|
| 650 | 2 |
_aAnatomía humana _9582 |
|
| 905 | _aInfantil | ||
| 999 |
_c87895 _d87895 |
||